[Event "Cetinje Dragasevic Memorial"]
[Site "Cetinje"]
[Date "2024.06.29"]
[Round "9"]
[White "Sukovic, Andrej"]
[Black "Yaksin, Oleg"]
[Result "1-0"]
[WhiteElo "2350"]
[BlackElo "2389"]
[PlyCount "83"]
[EventDate "2024.06.22"]
[EventType "swiss"]
[EventRounds "9"]
[EventCountry "MNE"]
[SourceTitle "CBM 220 Extra"]
[Source "ChessBase"]
[SourceDate "2024.07.31"]
[SourceVersion "1"]
[SourceVersionDate "2024.07.31"]
[SourceQuality "1"]

1. e4 c5 2. Nf3 d6 3. d4 cxd4 4. Nxd4 Nf6 5. Nc3 Nc6 6. Bg5 e6 7. Qd2 a6 8. 0-0-0 Bd7 9. Kb1 Be7 10. f3 Rc8 11. Nxc6 Rxc6 12. h4 b5 13. Ne2 b4 14. Nd4 Rb6 15. Be3 a5 16. g4 Rb7 17. Ba6 Rb8 18. Be2 g6 19. Bd3 e5 20. Ne2 Be6 21. g5 Nh5 22. f4 Qd7 23. Rhf1 exf4 24. Bd4 Rf8 25. Nxf4 Nxf4 26. Qxf4 Qc6 27. Bg7 Rg8 28. Bf6 Qc5 29. Bd4 Qc6 30. Bf6 Bxf6 31. Qxf6 Qc5 32. b3 Rc8 33. Rd2 Qe5 34. Qf2 Kf8 35. Bc4 Bxc4 36. bxc4 Rc7 37. Rd5 Qc3 38. e5 Qxc4 39. Rxd6 Ke8 40. Rfd1 Rc8 41. e6 Rg7 42. e7 1-0

[Event "Cetinje Dragasevic Memorial"]
[Site "Cetinje"]
[Date "2024.06.25"]
[Round "5"]
[White "Alimpic, Aleksa"]
[Black "Yaksin, Oleg"]
[Result "0-1"]
[WhiteElo "2281"]
[BlackElo "2389"]
[PlyCount "188"]
[EventDate "2024.06.22"]
[EventType "swiss"]
[EventRounds "9"]
[EventCountry "MNE"]
[SourceTitle "CBM 220 Extra"]
[Source "ChessBase"]
[SourceDate "2024.07.31"]
[SourceVersion "1"]
[SourceVersionDate "2024.07.31"]
[SourceQuality "1"]

1. d4 Nf6 2. Bg5 e6 3. e4 h6 4. Bxf6 Qxf6 5. Nc3 b6 6. e5 Qe7 7. Nf3 Bb7 8. Be2 g6 9. d5 Qc5 10. dxe6 dxe6 11. Bb5+ Nc6 12. 0-0 Bg7 13. Re1 a6 14. Bxc6+ Qxc6 15. Ne4 0-0 16. Qe2 Rad8 17. h4 Rd5 18. c4 Rd7 19. Qe3 Rfd8 20. Qf4 Rd3 21. b3 Qe8 22. Re3 Rxe3 23. Qxe3 Qc6 24. Nf6+ Kf8 25. Re1 Ke7 26. Ng4 Qc5 27. Qf4 Bxf3 28. Qxf3 Qd4 29. Nf6 Qd2 30. Re2 Qd1+ 31. Kh2 Qd4 32. g3 Kf8 33. h5 gxh5 34. Kg2 h4 35. Re4 Qd1 36. gxh4 Qxf3+ 37. Kxf3 Ke7 38. Nh5 Bh8 39. Ke2 Rg8 40. Ng3 Rd8 41. Nh5 Rg8 42. Ng3 Kd7 43. Kf3 Rg6 44. Ne2 Bg7 45. Ng3 Bh8 46. Rf4 Ke8 47. Re4 Ke7 48. Kf4 Rg8 49. Ke3 a5 50. a3 a4 51. b4 Rd8 52. Ke2 c6 53. f4 f5 54. exf6+ Kxf6 55. h5 Bg7 56. c5 b5 57. Re3 Kf7 58. f5 Re8 59. Ne4 Be5 60. f6 Rd8 61. Rf3 Rd4 62. Ke3 Rd1 63. Ke2 Rd5 64. Rf1 Bb2 65. Rf3 Rxh5 66. Rg3 Kf8 67. Rg7 Bxf6 68. Rc7 Rh2+ 69. Kf3 Bb2 70. Rxc6 Bxa3 71. Rb6 Rb2 72. Rxb5 Rxb4 73. Ra5 Rc4 74. Ke3 Bb2 75. Kd3 Rd4+ 76. Ke3 a3 77. c6 Rc4 78. Ra8+ Kg7 79. Ra7+ Kg6 80. c7 Be5 81. Rxa3 Bxc7 82. Rc3 Rxc3+ 83. Nxc3 h5 84. Ne4 h4 85. Kf3 Kf5 86. Nc5 h3 87. Ne4 Bf4 88. Nc5 e5 89. Ne4 h2 90. Nf2 e4+ 91. Kg2 e3 92. Nd3 e2 93. Ne1 Ke4 94. Nc2 Bg3 0-1

[Event "Cetinje Dragasevic Memorial"]
[Site "Cetinje"]
[Date "2024.06.23"]
[Round "2"]
[White "Yaksin, Oleg"]
[Black "Bogachkova, Alena"]
[Result "1-0"]
[WhiteElo "2389"]
[BlackElo "2170"]
[PlyCount "69"]
[EventDate "2024.06.22"]
[EventType "swiss"]
[EventRounds "9"]
[EventCountry "MNE"]
[SourceTitle "CBM 220 Extra"]
[Source "ChessBase"]
[SourceDate "2024.07.31"]
[SourceVersion "1"]
[SourceVersionDate "2024.07.31"]
[SourceQuality "1"]

1. Nf3 d5 2. g3 Nf6 3. Bg2 g6 4. c4 c6 5. b3 Bg7 6. Bb2 0-0 7. 0-0 Re8 8. Qc2 Bg4 9. d3 Bxf3 10. Bxf3 e5 11. Nd2 a5 12. a3 Na6 13. e3 Rc8 14. Rfe1 Qd7 15. Bc3 b6 16. Rad1 h5 17. Bg2 h4 18. Nf3 h3 19. Bf1 Qf5 20. Qe2 d4 21. e4 Qh5 22. Bd2 Nc5 23. Rb1 Ng4 24. Nh4 f5 25. Bxh3 Bf6 26. exf5 gxf5 27. f3 Nh6 28. Bxh6 Bxh4 29. gxh4 Qxh6 30. Bxf5 Rc7 31. Kh1 Rg7 32. Rg1 Ree7 33. Rxg7+ Rxg7 34. Qxe5 Qd2 35. Qe8# 1-0

[Event "Titled Tuesday intern op 07th May Late"]
[Site "Chess.com INT"]
[Date "2024.05.07"]
[Round "9"]
[White "Buchenau, Frank"]
[Black "Yaksin, Oleg"]
[Result "0-1"]
[WhiteElo "2176"]
[BlackElo "2389"]
[PlyCount "76"]
[EventDate "2024.05.07"]
[EventType "swiss (blitz)"]
[EventRounds "11"]
[EventCountry "USA"]
[SourceTitle "EXT 2025"]
[Source "ChessBase"]
[SourceDate "2024.10.14"]
[SourceVersion "1"]
[SourceVersionDate "2024.10.14"]
[SourceQuality "1"]

1. e4 c5 2. Nf3 d6 3. Bb5+ Bd7 4. Bxd7+ Qxd7 5. c4 Nc6 6. d4 cxd4 7. Nxd4 g6 8. Nc3 Bg7 9. Be3 Nf6 10. f3 0-0 11. 0-0 Rfc8 12. b3 Qe8 13. Qd2 Nd7 14. Nxc6 bxc6 15. Rad1 a5 16. Na4 Rcb8 17. c5 Nxc5 18. Bxc5 dxc5 19. Nxc5 Rb5 20. Na4 c5 21. Qd5 e6 22. Qc4 Bd4+ 23. Kh1 Rd8 24. Nc3 Rb4 25. Qd3 Bf6 26. Qc2 Rbd4 27. Ne2 Rxd1 28. Rxd1 Rxd1+ 29. Qxd1 Qb5 30. Qc2 Qb4 31. g3 Qe1+ 32. Kg2 h5 33. f4 Bd4 34. Nxd4 cxd4 35. e5 Qc3 36. Qd1 d3 37. Kf3 Qc2 38. Qf1 d2 0-1

[Event "Titled Tuesday intern op 07th May Late"]
[Site "Chess.com INT"]
[Date "2024.05.07"]
[Round "11"]
[White "Hambleton, Aman"]
[Black "Yaksin, Oleg"]
[Result "1-0"]
[WhiteElo "2420"]
[BlackElo "2389"]
[PlyCount "141"]
[EventDate "2024.05.07"]
[EventType "swiss (blitz)"]
[EventRounds "11"]
[EventCountry "USA"]
[SourceTitle "EXT 2025"]
[Source "ChessBase"]
[SourceDate "2024.10.14"]
[SourceVersion "1"]
[SourceVersionDate "2024.10.14"]
[SourceQuality "1"]

1. a4 d5 2. Ra3 e5 3. b3 Bxa3 4. Nxa3 Nf6 5. Bb2 Nbd7 6. e3 0-0 7. Ne2 Re8 8. Ng3 c6 9. d3 Nf8 10. Nb1 Bg4 11. f3 Bd7 12. Nd2 Ng6 13. h4 d4 14. h5 dxe3 15. Nc4 Nf4 16. h6 N6d5 17. Qc1 Qg5 18. Ne4 Nxg2+ 19. Kd1 e2+ 20. Bxe2 Qxc1+ 21. Bxc1 f5 22. Ned6 Re7 23. Bg5 Re6 24. hxg7 b5 25. axb5 cxb5 26. Rh2 bxc4 27. Nxc4 Ngf4 28. Bf1 Rae8 29. Kd2 Rg6 30. Bh4 Kxg7 31. b4 Nxb4 32. Bf2 a6 33. Bc5 Nbd5 34. Bd6 Rge6 35. Rh1 Bb5 36. Rg1+ Kh8 37. Bc5 Bxc4 38. dxc4 Nf6 39. Be3 Rd8+ 40. Kc3 Ng6 41. Bh3 Rc6 42. Bxf5 Nd5+ 43. Kd2 Nde7+ 44. Bd3 Rxc4 45. Ke2 Rc6 46. Bg5 Nf4+ 47. Kf1 Re8 48. Be4 Re6 49. Rh1 Neg6 50. Kf2 Rd6 51. Kg3 Kg7 52. Kg4 Rc8 53. Bh6+ Kf7 54. Bg5 Rc4 55. Rxh7+ Kg8 56. Ra7 Rxe4 57. fxe4 Rc6 58. Kf5 Ne2 59. Bf6 Nf8 60. Rg7+ Kh8 61. Rg2+ Kh7 62. Rh2+ Kg8 63. Rxe2 Kf7 64. Bxe5 Nd7 65. Bd4 Rc4 66. c3 Ke7 67. e5 Nc5 68. Rh2 Nd3 69. Rh7+ Ke8 70. e6 Nc5 71. Bf6 1-0

[Event "Titled Tuesday intern op 07th May Late"]
[Site "Chess.com INT"]
[Date "2024.05.07"]
[Round "8"]
[White "Hamley, Ryan"]
[Black "Yaksin, Oleg"]
[Result "0-1"]
[WhiteElo "2088"]
[BlackElo "2389"]
[PlyCount "98"]
[EventDate "2024.05.07"]
[EventType "swiss (blitz)"]
[EventRounds "11"]
[EventCountry "USA"]
[SourceTitle "EXT 2025"]
[Source "ChessBase"]
[SourceDate "2024.10.14"]
[SourceVersion "1"]
[SourceVersionDate "2024.10.14"]
[SourceQuality "1"]

1. e4 c5 2. Nf3 d6 3. d4 cxd4 4. Nxd4 Nf6 5. Nc3 Nc6 6. f3 e5 7. Nb3 a5 8. Be3 a4 9. Nd2 a3 10. b3 Be6 11. Nc4 Nd7 12. Nxd6+ Bxd6 13. Qxd6 Qa5 14. Bd2 Nd4 15. 0-0-0 Rc8 16. b4 Qb6 17. Qxb6 Nxb6 18. Bd3 Nc4 19. Nd5 Nb2 20. Bc3 Bxd5 21. Bxd4 Nxd3+ 22. Rxd3 Bc4 23. Rxa3 exd4 24. Rd1 d3 25. Ra7 dxc2 26. Rd2 0-0 27. Rxb7 Bxa2 28. Rxc2 Rfd8 29. Rbc7 Rxc7 30. Rxc7 Rb8 31. Ra7 Be6 32. Kd2 Kf8 33. Kc3 Rc8+ 34. Kb2 Rc4 35. Rb7 Ke8 36. b5 Kd8 37. Ka3 Kc8 38. Ra7 Rc2 39. Kb4 Rxg2 40. Re7 Rxh2 41. b6 Rc2 42. Kb5 g6 43. Ka6 Ra2+ 44. Kb5 Bd7+ 45. Kc5 Rc2+ 46. Kd6 Rc6+ 47. Kd5 Rxb6 48. Ke5 Re6+ 49. Rxe6 Bxe6 0-1

[Event "Titled Tuesday intern op 07th May Late"]
[Site "Chess.com INT"]
[Date "2024.05.07"]
[Round "3"]
[White "Nechitailo, Nikita"]
[Black "Yaksin, Oleg"]
[Result "0-1"]
[WhiteElo "2216"]
[BlackElo "2389"]
[PlyCount "48"]
[EventDate "2024.05.07"]
[EventType "swiss (blitz)"]
[EventRounds "11"]
[EventCountry "USA"]
[SourceTitle "EXT 2025"]
[Source "ChessBase"]
[SourceDate "2024.10.14"]
[SourceVersion "1"]
[SourceVersionDate "2024.10.14"]
[SourceQuality "1"]

1. d4 Nf6 2. c4 e6 3. Nc3 Bb4 4. e3 0-0 5. Bd2 d5 6. Rc1 Nbd7 7. Nf3 c6 8. Bd3 Bd6 9. 0-0 Re8 10. Qc2 dxc4 11. Bxc4 e5 12. Qb3 Qe7 13. Ng5 Rf8 14. Nce4 Nxe4 15. Nxe4 exd4 16. Nxd6 Qxd6 17. exd4 Qxd4 18. Bb4 c5 19. Rcd1 Qg4 20. Bc3 Qg6 21. g3 Nb6 22. Bd3 Bf5 23. Qb5 a6 24. Qb3 Bxd3 0-1

[Event "Titled Tuesday intern op 07th May Late"]
[Site "Chess.com INT"]
[Date "2024.05.07"]
[Round "6"]
[White "Yaksin, Oleg"]
[Black "Erzhanov, Arman"]
[Result "1-0"]
[WhiteElo "2389"]
[BlackElo "2152"]
[PlyCount "55"]
[EventDate "2024.05.07"]
[EventType "swiss (blitz)"]
[EventRounds "11"]
[EventCountry "USA"]
[SourceTitle "EXT 2025"]
[Source "ChessBase"]
[SourceDate "2024.10.14"]
[SourceVersion "1"]
[SourceVersionDate "2024.10.14"]
[SourceQuality "1"]

1. d4 d6 2. Nf3 g6 3. g3 Bg7 4. Bg2 Nd7 5. 0-0 e5 6. c4 Ne7 7. Nc3 0-0 8. e4 exd4 9. Nxd4 Nc6 10. Nc2 Nde5 11. Ne3 a5 12. f4 Nd7 13. Ned5 Nc5 14. Be3 Re8 15. Re1 Be6 16. Qd2 Bxd5 17. cxd5 Nb4 18. Bxc5 dxc5 19. e5 b6 20. Rad1 Rb8 21. a3 Na6 22. Ne4 Bh6 23. Nf6+ Kh8 24. Nxe8 Qxe8 25. d6 Rd8 26. Bb7 cxd6 27. Bxa6 dxe5 28. Qxd8 1-0

[Event "Titled Tuesday intern op 31st Oct Early"]
[Site "Chess.com INT"]
[Date "2023.10.31"]
[Round "4"]
[White "Atakhan, Abtin"]
[Black "Yaksin, Oleg"]
[Result "0-1"]
[WhiteElo "2418"]
[BlackElo "2389"]
[PlyCount "88"]
[EventDate "2023.10.31"]
[EventType "swiss (blitz)"]
[EventRounds "11"]
[EventCountry "USA"]
[SourceTitle "EXT 2025"]
[Source "ChessBase"]
[SourceDate "2024.10.14"]
[SourceVersion "1"]
[SourceVersionDate "2024.10.14"]
[SourceQuality "1"]

1. Nf3 d5 2. d4 Nf6 3. c4 e6 4. Nc3 Be7 5. Bf4 0-0 6. e3 Nbd7 7. c5 Ne4 8. h4 Nxc3 9. bxc3 b6 10. c6 Nb8 11. Bd3 h6 12. Ne5 Bd6 13. Bxh6 gxh6 14. Qg4+ Kh8 15. Qh5 Kg7 16. Rh3 Bxe5 17. Qxe5+ f6 18. Qh5 Rh8 19. Qg6+ Kf8 20. Rf3 Ke7 21. e4 Rf8 22. e5 f5 23. Rg3 Nxc6 24. Bb5 Bb7 25. Qxh6 Rf7 26. Rg6 Qd7 27. Qg5+ Ke8 28. h5 a6 29. h6 Qe7 30. Bxc6+ Bxc6 31. Qh5 Kd7 32. Kd2 Rh8 33. a4 a5 34. Kc2 Rfh7 35. Kb2 Kc8 36. Rh1 Be8 37. Qg5 Bxg6 38. Qxg6 Kd7 39. f3 Qf8 40. g4 Rxh6 41. Rxh6 Rxh6 42. Qg5 Rh2+ 43. Kb3 fxg4 44. Qxg4 Rf2 0-1

[Event "Titled Tuesday intern op 31st Oct Early"]
[Site "Chess.com INT"]
[Date "2023.10.31"]
[Round "1"]
[White "Perez Cruz, Adianet"]
[Black "Yaksin, Oleg"]
[Result "0-1"]
[WhiteElo "1973"]
[BlackElo "2389"]
[PlyCount "70"]
[EventDate "2023.10.31"]
[EventType "swiss (blitz)"]
[EventRounds "11"]
[EventCountry "USA"]
[SourceTitle "EXT 2025"]
[Source "ChessBase"]
[SourceDate "2024.10.14"]
[SourceVersion "1"]
[SourceVersionDate "2024.10.14"]
[SourceQuality "1"]

1. d4 Nf6 2. Bg5 e6 3. e4 h6 4. Bxf6 Qxf6 5. e5 Qe7 6. c3 g6 7. Nd2 Bg7 8. Ngf3 d6 9. Bd3 Nd7 10. exd6 cxd6 11. Qe2 0-0 12. 0-0 b6 13. Rfe1 Bb7 14. Be4 Bxe4 15. Nxe4 d5 16. Ned2 Rfc8 17. h3 a6 18. a3 b5 19. Rac1 Rab8 20. Ne5 Nxe5 21. dxe5 a5 22. Nb3 a4 23. Nd4 Rc4 24. Rcd1 Qc7 25. f4 Bf8 26. Kh1 Bc5 27. g4 Bxd4 28. Rxd4 Rxd4 29. cxd4 Qc4 30. Qd2 Rc8 31. Rd1 Qc2 32. Kg2 Qe4+ 33. Kg3 Rc2 34. Qd3 Rg2+ 35. Kh4 Qxf4 0-1

[Event "Titled Tuesday intern op 31st Oct Early"]
[Site "Chess.com INT"]
[Date "2023.10.31"]
[Round "7"]
[White "Yaksin, Oleg"]
[Black "Apoorv, Kamble"]
[Result "1-0"]
[WhiteElo "2389"]
[BlackElo "2129"]
[PlyCount "139"]
[EventDate "2023.10.31"]
[EventType "swiss (blitz)"]
[EventRounds "11"]
[EventCountry "USA"]
[SourceTitle "EXT 2025"]
[Source "ChessBase"]
[SourceDate "2024.10.14"]
[SourceVersion "1"]
[SourceVersionDate "2024.10.14"]
[SourceQuality "1"]

1. d4 Nf6 2. c4 e6 3. g3 d5 4. Nf3 Be7 5. Bg2 dxc4 6. 0-0 0-0 7. Qc2 c5 8. dxc5 Bxc5 9. Qxc4 Qe7 10. Bg5 Na6 11. Nc3 h6 12. Bxf6 Qxf6 13. Ne4 Qe7 14. Nxc5 Qxc5 15. Qxc5 Nxc5 16. Rac1 Nd7 17. Rc7 Nb6 18. Ne5 Rb8 19. Rd1 f6 20. Ng6 Re8 21. h4 Kh7 22. h5 Nd5 23. Bxd5 exd5 24. Rxd5 Bg4 25. Nf4 Re5 26. f3 Rxd5 27. Nxd5 Be6 28. Nxf6+ Kh8 29. Nd7 Rd8 30. Nc5 Bxa2 31. Rxb7 a5 32. e4 Bc4 33. Kf2 Rc8 34. Nd7 Rd8 35. Ne5 Be6 36. f4 a4 37. f5 Bb3 38. Ke3 Kg8 39. Ng6 Bf7 40. e5 Bd5 41. Ne7+ Kh7 42. Nxd5 Rxd5 43. Ke4 Rd2 44. e6 Re2+ 45. Kd5 Rd2+ 46. Ke5 Re2+ 47. Kd6 Rd2+ 48. Kc7 Rc2+ 49. Kd8 Rd2+ 50. Rd7 Rxb2 51. e7 Rb8+ 52. Kc7 Ra8 53. Rd8 Ra7+ 54. Kd6 Ra6+ 55. Kc5 Ra5+ 56. Kb4 Re5 57. e8Q Rxe8 58. Rxe8 a3 59. Kxa3 g5 60. fxg6+ Kg7 61. Re7+ Kg8 62. Rh7 Kf8 63. Kb4 Kg8 64. Kc5 Kf8 65. Kd6 Kg8 66. Ke6 Kf8 67. Kf6 Ke8 68. Rf7 Kd8 69. g7 Kc8 70. g8Q# 1-0